000 00634nam a2200217 a 4500
001 64660
003 BD-RjUL
005 20211209081331.0
008 170219r1965 e abcj 001 0 eng
035 _a(BD-RjUL)64790
040 _aDLC
_cDLC
_dBD-RjUL
_beng
041 _aeng
082 _223
_a954.9
_bCAP 1965
100 1 _aCaroe, Olaf
_d1892-.
_9191713
245 1 4 _aThe Pathans, 550 B.C.-A. D. 1957 /
_cOlaf Caroe,
260 _aNew York :
_bSt. Martin's Press,
_cc1958 [reprinted 1965]
300 _axxii, 521 p. :
_bill, ;
_c23 cm.
500 _aIncludes index
650 0 _aPushtuns
_xHistory.
_9191714
942 _2ddc
_cBK
999 _c64660
_d64660